Statistiques concernant Les 5 départements composant la région des Hauts de France

Cliquez ici pour prendre le quiz!

Statistiques générales

  • Ce quiz a été pris 93 fois
  • Le résultat moyen est 5 sur 5

Statistiques - réponses

Départements% Correct
Nord
100%
Pas-de-Calais
95%
Oise
91%
Somme
88%
Aisne
79%

Distribution des résultats

Percentile par nombre de réponses

% des personnes avec chaque résultat

Votre développement - résultats

Vous n’avez pas pris ce quiz